|
|
|
|
| LEADER |
00000nam0a2200000 4500 |
| 001 |
256565 |
| 005 |
20231101233127.0 |
| 010 |
|
|
|a 5244001655
|
| 035 |
|
|
|a (RuTPU)RU\TPU\book\279275
|
| 090 |
|
|
|a 256565
|
| 100 |
|
|
|a 20140410d1987 m y0rusy50 ca
|
| 101 |
0 |
|
|a rus
|
| 102 |
|
|
|a RU
|
| 105 |
|
|
|a a z 000zy
|
| 200 |
1 |
|
|a Небоскребы над лагуной
|f В. В. Лаптухин
|
| 210 |
|
|
|a Москва
|c Мысль
|d 1988
|
| 215 |
|
|
|a 171 с.
|c ил.
|
| 606 |
1 |
|
|a Африканские государства
|x Внутренняя политика
|2 stltpush
|3 (RuTPU)RU\TPU\subj\29823
|9 53078
|
| 610 |
1 |
|
|a Африка
|
| 610 |
1 |
|
|a обычаи
|
| 610 |
1 |
|
|a история
|
| 610 |
1 |
|
|a культура
|
| 610 |
1 |
|
|a изменения
|
| 686 |
|
|
|a Ф3(6Ниг)
|v LBC/SL-A
|2 rubbk
|
| 700 |
|
1 |
|a Лаптухин
|b В. В.
|g Виктор Владимирович
|
| 801 |
|
1 |
|a RU
|b 63413507
|c 20140410
|
| 801 |
|
2 |
|a RU
|b 63413507
|c 20141205
|g RCR
|
| 942 |
|
|
|c BK
|